00235nam a2200097Ia 4500008004100000100001900041245003100060260002000091260000900111999001700120170617s9999 xx 000 0 und d aGUPTA- RAJHANS 0aPROFESSIONAL COMMUNICATION bMEERUT- PRAGATI c2010 c15565d15565